Pokémon Moves that Raise Special Defense - Statistics

General Stats
  • This quiz has been taken 28 times
  • The average score is 15 of 20
Answer Stats
Type Gen Introduced Associated Pokemon Move % Correct
Rock 2 Ancient Power
89%
Dragon 8 Kommo-o Clangorous Soul
89%
Bug 4 Vespiquen Defend Order
89%
Fairy 6 Xerneas Geomancy
89%
Fighting 8 Falinks No Retreat
89%
Psychic 1 Amnesia
84%
Psychic 3 Calm Mind
84%
Dragon 7 Kommo-o Clangorous Soulblaze
84%
Ghost 2 Ominous Wind
84%
Bug 5 Volcarona Quiver Dance
84%
Electric 3 Charge
79%
Normal 7 Eevee Extreme Evoboost
79%
Bug 2 Silver Wind
79%
Psychic 8 Manaphy Take Heart
68%
Normal 4 Acupressure
63%
Fairy 6 Aromatisse Aromatic Mist
63%
Psychic 3 Cosmic Power
58%
Ground 8 Max Quake
53%
Electric 6 Magnetic Flux
47%
Normal 3 Stockpile
47%
No matching quizzes found
Score Distribution
Percent of People with Each Score
Percentile by Number Answered
Your Score History
You have not taken this quiz